[Event "Wch U16 Girls rapid"]
[Site "Rhodes"]
[Date "2022.05.02"]
[Round "6"]
[White "Berezovsky, Fiorina"]
[Black "Siekanska, Maria"]
[Result "1/2-1/2"]
[WhiteElo "1435"]
[BlackElo "1865"]
[PlyCount "132"]
[EventDate "2022.05.01"]
[EventType "swiss (rapid)"]
[EventRounds "9"]
[EventCountry "GRE"]
[SourceTitle "CBM 208 Extra"]
[Source "ChessBase"]
[SourceDate "2022.07.31"]
[SourceVersion "1"]
[SourceVersionDate "2022.07.31"]
[SourceQuality "1"]

1. d4 Nf6 2. c4 e6 3. Nf3 d5 4. Nc3 Bb4 5. Qa4+ Nc6 6. e3 0-0 7. Qc2 b6 8. Bd3 dxc4 9. Bxc4 Bb7 10. a3 Be7 11. 0-0 Re8 12. Rd1 Qd7 13. b4 Nd5 14. Bd3 g6 15. Bb2 Rad8 16. Rac1 Nxc3 17. Qxc3 Bf6 18. Bb5 Nxd4 19. Bxd7 Nxf3+ 20. gxf3 Bxc3 21. Bxc3 Bxf3 22. Bxe8 Bxd1 23. Bc6 Be2 24. Kg2 Kf8 25. Bf3 Bd3 26. Be5 c5 27. bxc5 bxc5 28. Rxc5 Ke7 29. Rc7+ Rd7 30. Rxd7+ Kxd7 31. Bd1 a6 32. Kg3 Ke7 33. Kf4 f6 34. Bc3 e5+ 35. Kg3 Ke6 36. Bb3+ Kf5 37. Bd5 h5 38. f3 Kg5 39. f4+ exf4+ 40. exf4+ Kf5 41. h4 g5 42. fxg5 fxg5 43. hxg5 Kxg5 44. Bd2+ Kf5 45. Kh4 Be2 46. Bb7 Ke6 47. Bc6 Kd6 48. Be8 Kc7 49. Bxh5 Bxh5 50. Kxh5 Kb7 51. Kg5 Ka7 52. Kf5 Kb7 53. Ke5 Ka7 54. Kd5 Kb7 55. Kc5 Ka7 56. a4 Kb7 57. Kb4 Ka7 58. Ka5 Kb7 59. Be3 Kb8 60. Kxa6 Ka8 61. Kb6 Kb8 62. a5 Ka8 63. a6 Kb8 64. a7+ Ka8 65. Ka5 Kb7 66. Kb5 Ka8 1/2-1/2